000
00223nam a22000857a 4500
008
160702b xxu||||| |||| 00| 0 eng d
100
_9
1862
_a
Jonathan Swift
245
_a
Gulliver's Travels
260
_a
New Delhi
_b
Ratna Sagar
_c
1892
999
_c
1564
_d
1564